| 000 | 00499nam a2200169Ia 4500 | ||
|---|---|---|---|
| 003 | IN-BaIIA | ||
| 008 | 211028s9999 xx 000 0 eng d | ||
| 040 | _cIIA Library | ||
| 080 |
_a535.14 _bJAC |
||
| 100 |
_aJacobs, S. F. _911412 |
||
| 245 | 0 |
_aAdaptive optics and short wavelength sources _cS. F. Jacobs |
|
| 260 |
_aMassachusetts _c1978 |
||
| 300 | _axi, 312p. | ||
| 650 | _aAstronomy and Astrophysics Thesaurus | ||
| 650 | _aOptics | ||
| 942 | _cBK | ||
| 999 |
_c6662 _d6662 |
||